000 01293nam a2200325 a 4500
001 ebr10718971
003 CaPaEBR
006 m o u
007 cr cn|||||||||
008 130618s2013 mau sb 001 0 eng d
020 _z9781618111661 (cloth)
020 _z9781618111883 (e-book)
040 _aCaPaEBR
_cCaPaEBR
035 _a(OCoLC)850178373
041 0 _aeng
_aheb
050 1 4 _aPJ5022
_b.G53 2013eb
100 1 _aGlazer, Aubrey L.
245 1 0 _aMystical vertigo
_h[electronic resource] :
_bcontemporary kabbalistic Hebrew poetry dancing over the divide /
_cAubrey L. Glazer.
260 _aBoston :
_bAcademic Studies Press,
_c2013.
300 _a304 p.
440 0 _aNew perspectives in post-Rabbinic Judaism
504 _aIncludes bibliographical references and index.
533 _aElectronic reproduction.
_bPalo Alto, Calif. :
_cebrary,
_d2013.
_nAvailable via World Wide Web.
_nAccess may be limited to ebrary affiliated libraries.
546 _aIn English and Hebrew.
650 0 _aHebrew poetry
_xHistory and criticism.
650 0 _aMysticism
_xJudaism.
655 7 _aElectronic books.
_2local
710 2 _aebrary, Inc.
856 4 0 _uhttp://site.ebrary.com/lib/rucke/Doc?id=10718971
_zAn electronic book accessible through the World Wide Web; click to view
999 _c28069
_d28069